| 000 | 00932nam a22002897a 4500 | ||
|---|---|---|---|
| 001 | BR8006971 | ||
| 003 | BR-BrBNA | ||
| 005 | 20230928090817.0 | ||
| 007 | ta | ||
| 008 | 230509b bl.||||| |||| 00| 0 por d | ||
| 040 |
_aBR-BrBNA _bpor _cBiblioteca Nacional de Agricultura |
||
| 041 | _a(Por) | ||
| 072 |
_aL36 _b8952 |
||
| 090 | _ 8952 BR8006971 | ||
| 100 | 1 | _aGontijo, M.C.A.F. | |
| 110 | 1 |
_aUniversidade Federal de Vicosa, MG (Brasil) _0Tese (Magister Scientiae) |
|
| 245 | 1 | _aCaracteristicas quimicas e digestibilidade "in vitro" de silagens compostas de diferentes proporcoes de fezes bovinas, ureia e melaco | |
| 260 | 3 |
_aVicosa, MG (Brasil): _c1980. |
|
| 300 | _a50 p. | ||
| 500 | _a12 illus.; 19 tables; 39 ref.; Summary (Por) | ||
| 650 | _aSILAGEM | ||
| 650 | _aANALISE QUIMICA | ||
| 650 | _aCOMPOSICAO QUIMICA | ||
| 650 | _aDIGESTIBILIDADE IN VITRO | ||
| 909 |
_a202309 _bLucia _c55 _dLucia Elande |
||
| 942 | _cBK | ||
| 999 |
_c30667 _d30667 |
||